00375nam a22001217a 450000500170000002000220001703500120003903700130005110000240006424500970008826000450018530000230023020120426114358.0 a019564574Xc00.00 aB-11658 aDPLbENG aHansen, Thomas Blom aThe saffron wave :bDemocracy and Hindu nationalism in modern India /cby Thomas Blom Hansen aNew DelhibOxford University Pressc1999 avi, 293p.c20 cms.